000 00596nam a2200169Ia 4500
003 GCL
008 140319s9999 xx 000 0 ara d
040 _aGCL /
_cGCL
082 0 4 _a395.24
_bم.ا
100 1 _aمحمد بن سعد بن شقير
245 1 0 _aالاحتفال بالمولد بين الاتباع والابتداع /
_cمحمد بن سعد بن شقير
260 _a[S.N] :
_bمكتبة السنة للنشر والتوزيع ،
_c1987
300 _a32 ص
490 _aسلسلة التحذير من البدع
_v0
650 0 4 _aالمولد النبوى
942 _2ddc
_cBK
999 _c53180
_d53180